|
|
|
|
| LEADER |
00000cam a2200000 a 4500 |
| 001 |
vtls008336035 |
| 003 |
SK-MaSNL |
| 005 |
20260301123157.0 |
| 008 |
230403s1959 xo 000 p slo |
| 015 |
|
|
|a SNBA1960/02-00261
|
| 035 |
|
|
|a SK01SNK19600028252
|
| 035 |
|
|
|a urn:nbn:sk:snk-am3hifk
|
| 035 |
|
|
|a B8CD0E85-FDD1-4E92-9465-7665D5716E3A
|
| 035 |
|
|
|a urn:nbn:sk:snk-am00d1g8
|
| 035 |
|
|
|a SKM000030715
|
| 040 |
|
|
|a SNK
|b slo
|c SNK
|e AACR2
|
| 041 |
0 |
|
|a slo
|
| 044 |
|
|
|a xo
|c SK
|
| 080 |
|
|
|a 885.4-1
|2 1981
|
| 100 |
1 |
|
|a Škamla, Ján,
|d 1930-1997
|4 aut
|9 106972
|
| 245 |
1 |
0 |
|a Rub a líce
|c Ján Škamla
|
| 260 |
|
|
|a Bratislava
|b Mladé letá
|c 1959
|e Trnava
|f Polygrafické závody
|
| 300 |
|
|
|a 103, [6] s.
|b ilustr.
|c 12°
|
| 366 |
|
|
|e 1260 výt.
|
| 655 |
|
7 |
|a slovenská poézia
|2 SNKPH
|9 70444
|
| 852 |
|
|
|a Slovenská národná knižnica
|
| 954 |
|
|
|a beletria pôvodná (slovenská)
|2 lita
|
| 958 |
|
|
|a EUIPO
|
| 958 |
|
|
|a OND
|
| 958 |
|
|
|a TL
|
| 958 |
|
|
|a RK
|
| 958 |
|
|
|a LX
|
| 999 |
|
|
|c 735326
|d 737256
|
| 952 |
|
|
|a SNK
|b SNK
|y PREZ
|7 0
|p 17A0749435
|o snkSE 2931
|i snkKSP 41/60
|0 0
|1 0
|4 0
|d 2016-11-09
|f 1
|l 0
|r 2026-02-23 22:42:33
|w 2026-02-23
|
| 952 |
|
|
|a SNK
|b SNK
|y VYP
|7 0
|p 17A1186995
|o snkSE 2931 D1
|i snkKSP 42/60
|0 0
|1 0
|4 0
|d 2016-11-09
|l 0
|r 2026-02-23 22:42:34
|w 2026-02-23
|